<?xml version="1.0" encoding="UTF-8"?>
<record
    xmlns:xsi="http://www.w3.org/2001/XMLSchema-instance"
    xsi:schemaLocation="http://www.loc.gov/MARC21/slim http://www.loc.gov/standards/marcxml/schema/MARC21slim.xsd"
    xmlns="http://www.loc.gov/MARC21/slim">

  <leader>01993cam a2200349 a 4500</leader>
  <controlfield tag="003">EG-GiCUC</controlfield>
  <controlfield tag="005">20250223030836.0</controlfield>
  <controlfield tag="008">130601s2013    ua dh  f m    000 0 eng d</controlfield>
  <datafield tag="040" ind1=" " ind2=" ">
    <subfield code="a">EG-GiCUC</subfield>
    <subfield code="b">eng</subfield>
    <subfield code="c">EG-GiCUC</subfield>
  </datafield>
  <datafield tag="041" ind1="0" ind2=" ">
    <subfield code="a">eng</subfield>
  </datafield>
  <datafield tag="049" ind1=" " ind2=" ">
    <subfield code="a">Deposite  </subfield>
  </datafield>
  <datafield tag="097" ind1=" " ind2=" ">
    <subfield code="a">Ph.D</subfield>
  </datafield>
  <datafield tag="099" ind1=" " ind2=" ">
    <subfield code="a">Cai01.11.29.Ph.D.2013.Mo.E</subfield>
  </datafield>
  <datafield tag="100" ind1="0" ind2=" ">
    <subfield code="a">Mona Farag Shabana</subfield>
  </datafield>
  <datafield tag="245" ind1="1" ind2="0">
    <subfield code="a">Effect of solute carrier organic anion transporter 1B1 (SLCO1B1) and multiple drug resistance 1((MDR1) genotypes on lipid profile of atorvastatin - treated hypercholesterolemic Egyptian patients / </subfield>
    <subfield code="c">Mona Farag Shabana ; Supervised Amal Anwar Mishriki , Ghada Abdelzaher Hashim , Sameh Wadie Ghali Bakhoum</subfield>
  </datafield>
  <datafield tag="246" ind1="1" ind2="5">
    <subfield code="a">&#x639;&#x644;&#x649; &#x635;&#x648;&#x631;&#x629; &#x627;&#x644;&#x62F;&#x647;&#x648;&#x646; &#x628;&#x627;&#x644;&#x62F;&#x645; &#x644;&#x645;&#x631;&#x636;&#x649; &#x645;&#x635;&#x631;&#x64A;&#x64A;&#x646; &#x645;&#x635;&#x627;&#x628;&#x64A;&#x646; &#x628;&#x627;&#x631;&#x62A;&#x641;&#x627;&#x639; &#x627;&#x644;&#x643;&#x648;&#x644;&#x64A;&#x633;&#x62A;&#x631;&#x648;&#x644; &#x628;&#x627;&#x644;&#x62F;&#x645; &#x648; &#x64A;&#x639;&#x627;&#x644;&#x62C;&#x648;&#x646; &#x628;&#x639;&#x642;&#x627;&#x631; (&#x623;&#x62A;&#x648;&#x631;&#x641;&#x627;&#x633;&#x62A;&#x627;&#x62A;&#x64A;&#x646;( (MDR1) &#x648; (SLCO1B1)&#x62A;&#x623;&#x62B;&#x64A;&#x631; &#x627;&#x644;&#x627;&#x634;&#x643;&#x627;&#x644; &#x627;&#x644;&#x62C;&#x64A;&#x646;&#x64A;&#x629; &#x644;&#x62C;&#x64A;&#x646;&#x649;</subfield>
  </datafield>
  <datafield tag="260" ind1=" " ind2=" ">
    <subfield code="a">Cairo : </subfield>
    <subfield code="b">Mona Farag Shabana , </subfield>
    <subfield code="c">2013</subfield>
  </datafield>
  <datafield tag="300" ind1=" " ind2=" ">
    <subfield code="a">110P. : </subfield>
    <subfield code="b">charts , facsimiles ; </subfield>
    <subfield code="c">25cm</subfield>
  </datafield>
  <datafield tag="502" ind1=" " ind2=" ">
    <subfield code="a">Thesis (Ph.D.) - Cairo University - Faculty of Medicine - Department of Pharmacology</subfield>
  </datafield>
  <datafield tag="520" ind1=" " ind2=" ">
    <subfield code="a">The aim of the present study was to evaluate the effect of genetic polymorphisms of SLCO1B1 and MDR1 on the pharmacodynamics of atorvastatin which is the degree of improvement in the lipid profile of patients receiving atorvastatin . We studied 50 patients receiving atorvastatin in a dose of 40 mg once per day for a period of 4 weeks . We used the specific primers for restriction fragment length polymorphism</subfield>
  </datafield>
  <datafield tag="530" ind1=" " ind2=" ">
    <subfield code="a">Issued also as CD</subfield>
  </datafield>
  <datafield tag="653" ind1=" " ind2="4">
    <subfield code="a">Atorvastatin </subfield>
  </datafield>
  <datafield tag="653" ind1=" " ind2="4">
    <subfield code="a">Hypercholesterolemia </subfield>
  </datafield>
  <datafield tag="653" ind1=" " ind2="4">
    <subfield code="a">MDRI </subfield>
  </datafield>
  <datafield tag="700" ind1="0" ind2=" ">
    <subfield code="a">Amal Anwar Mishriki , </subfield>
    <subfield code="e">Supervisor</subfield>
  </datafield>
  <datafield tag="700" ind1="0" ind2=" ">
    <subfield code="a">Ghada Abdelzaher Hashim , </subfield>
    <subfield code="e">Supervisor</subfield>
  </datafield>
  <datafield tag="700" ind1="0" ind2=" ">
    <subfield code="a">Sameh Wadie Ghali Bakhoum , </subfield>
    <subfield code="e">Supervisor</subfield>
  </datafield>
  <datafield tag="856" ind1=" " ind2=" ">
    <subfield code="u">http://172.23.153.220/th.pdf</subfield>
  </datafield>
  <datafield tag="905" ind1=" " ind2=" ">
    <subfield code="a">Nazla</subfield>
    <subfield code="e">Revisor</subfield>
  </datafield>
  <datafield tag="905" ind1=" " ind2=" ">
    <subfield code="a">Soheir</subfield>
    <subfield code="e">Cataloger</subfield>
  </datafield>
  <datafield tag="942" ind1=" " ind2=" ">
    <subfield code="2">ddc</subfield>
    <subfield code="c">TH</subfield>
  </datafield>
  <datafield tag="999" ind1=" " ind2=" ">
    <subfield code="c">43081</subfield>
    <subfield code="d">43081</subfield>
  </datafield>
  <datafield tag="952" ind1=" " ind2=" ">
    <subfield code="2">ddc</subfield>
    <subfield code="7">0</subfield>
    <subfield code="a">CUCL</subfield>
    <subfield code="b">cl210</subfield>
    <subfield code="d">2024-02-11</subfield>
    <subfield code="o">Cai01.11.29.Ph.D.2013.Mo.E</subfield>
    <subfield code="p">01010110060706000</subfield>
    <subfield code="r">2023-09-22 00:00:00</subfield>
    <subfield code="y">TH</subfield>
  </datafield>
  <datafield tag="952" ind1=" " ind2=" ">
    <subfield code="2">ddc</subfield>
    <subfield code="7">0</subfield>
    <subfield code="a">CUCL</subfield>
    <subfield code="b">cl2u8</subfield>
    <subfield code="d">2024-02-11</subfield>
    <subfield code="o">Cai01.11.29.Ph.D.2013.Mo.E</subfield>
    <subfield code="p">01020110060706000</subfield>
    <subfield code="r">2023-09-22 00:00:00</subfield>
    <subfield code="t">60706.CD     </subfield>
    <subfield code="y">CD</subfield>
  </datafield>
</record>
